000
00464nam a2200145Ia 4500
008
100122s9999 xx 000 0 und d
082
_b
17571
_a
823
100
_a
हसमनीस द का
245
_a
मी अमृतात न्हाले
260
_b
संजय प्रकाशन
_c
1971
300
_a
124
630
_a
मी अमृतात न्हाले
730
_a
मी अमृतात न्हाले
942
_c
BOOK
999
_c
407223
_d
407220